Red Weaver Ants / (Record no. 195283)

MARC details
000 -LEADER
fixed length control field 00708nam a22002297a 4500
005 - DATE AND TIME OF LATEST TRANSACTION
control field 20230403143511.0
010 ## - LCCN (DPL NO)
LC control number ENG-136440
020 ## - INTERNATIONAL STANDARD BOOK NUMBER
International Standard Book Number 9788195584765
Terms of availability 450.00
035 ## - SYSTEM CONTROL NUMBER
System control number EN-119972
037 ## - SOURCE OF ACQUISITION
Source of stock number/acquisition DBAD/PUB
082 ## - DEWEY DECIMAL CLASSIFICATION NUMBER
Classification number 595.7
100 ## - MAIN ENTRY--PERSONAL NAME
Personal name Kumar,Sanjeet
245 ## - TITLE STATEMENT
Title Red Weaver Ants /
Statement of responsibility, etc By Sanjeet Kumar [et.al]
Remainder of title Oecophylla Smaragdina /
250 ## - EDITION STATEMENT
Edition statement First
260 ## - PUBLICATION, DISTRIBUTION, ETC. (IMPRINT)
Name of publisher, distributor, etc Divisional Forest Officer
Place of publication, distribution, etc Odisha
Date of publication, distribution, etc 2022
270 ## - ADDRESS
Address Bonai Forest Division, Bonaigadh, Sundargarh
City Odisha
Electronic mail address dfobonai@gmail.com
300 ## - PHYSICAL DESCRIPTION
Extent 56p.
Dimensions 20cm(pbk)
700 ## - ADDED ENTRY--PERSONAL NAME
Personal name Mishra, Arun
Relator term Author
700 ## - ADDED ENTRY--PERSONAL NAME
Personal name N,Sanath
Relator term Author
700 ## - ADDED ENTRY--PERSONAL NAME
Personal name Hansdah, Pomamani
Relator term Author
942 ## - ADDED ENTRY ELEMENTS (KOHA)
Source of classification or shelving scheme Dewey Decimal Classification
Item type English Books
Classification part 595.7
Call number suffix SAN
Holdings
Withdrawn status Lost status Not for loan Collection code Home library Current library Date acquired Source of acquisition Cost, normal purchase price Full call number Barcode Copy number Cost, replacement price Koha item type
      Non-fiction Katevara Katevara 16/03/2023 DBAD/PUB 450.00 595.7 SAN EN-119972 1 450.00 English Books

© Delhi Public Library
Hit Counter
free hit counter